000 00569nam a2200133Ia 4500
008 171212s9999 xx 000 0 und d
020 _a9780833041364
100 _aByman, Daniel;Byman, Daniel
245 _cByman, Daniel;Byman, Daniel
_aUnderstanding Proto-Insurgencies
_bRAND Counterinsurgency StudyÑPaper 3
260 _bRAND Corporation
_c2007
650 _aCounterinsurgency; Insurgency; Terrorism -- Prevention; United States -- Foreign relations; United States -- Influence
650 _aPolitical Science
856 _uwww.jstor.org/stable/10.7249/op178osd
999 _c352780
_d352780